[Event "Tambov Region-ch FL"]
[Site "Tambov"]
[Date "2018.11.24"]
[Round "6"]
[White "Voynov, Aleksey S"]
[Black "Uimenov, Vladimir"]
[Result "0-1"]
[WhiteElo "1716"]
[BlackElo "1849"]
[PlyCount "138"]
[EventDate "2018.11.14"]
[EventType "tourn"]
[EventRounds "9"]
[EventCountry "RUS"]
[SourceTitle "EXT 2021"]
[Source "ChessBase"]
[SourceDate "2020.10.23"]
[SourceVersion "1"]
[SourceVersionDate "2020.10.23"]
[SourceQuality "1"]

1. d4 d5 2. Nf3 Nf6 3. g3 e6 4. Bg2 Be7 5. Bg5 Nbd7 6. Nbd2 0-0 7. 0-0 b6 8. c4 Bb7 9. Rc1 c5 10. e3 dxc4 11. Nxc4 cxd4 12. Nxd4 Bxg2 13. Kxg2 Rc8 14. b3 Nd5 15. Bxe7 Qxe7 16. Qd2 N7f6 17. Ne5 Qb7 18. Kg1 a6 19. Rc6 Ne4 20. Qd3 Nc5 21. Qd2 f6 22. Rxc8 Rxc8 23. Nd3 Ne4 24. Qb2 e5 25. Ne2 Ng5 26. Rc1 Nh3+ 27. Kf1 Nxe3+ 28. Ke1 Qh1+ 29. Kd2 Nf1+ 30. Kd1 Nxg3+ 31. Kd2 Nf1+ 32. Kd1 Nxh2+ 33. Kd2 Nf1+ 34. Kd1 Rxc1+ 35. Nexc1 Ng3+ 36. Kd2 Ne4+ 37. Ke3 Nhg5 38. Qe2 Nc3 39. Qg4 Qe4+ 40. Qxe4 Ngxe4 41. f3 Nd6 42. a4 g5 43. Nb4 a5 44. Nc2 h5 45. Nd3 h4 46. Nf2 f5 47. Kd3 Nd5 48. Ne1 Nf4+ 49. Ke3 h3 50. Ned3 h2 51. Nxe5 b5 52. Ned3 Nxd3 53. Kxd3 g4 54. fxg4 fxg4 55. Nh1 bxa4 56. bxa4 Kf7 57. Ke3 Kg6 58. Kf4 Kh5 59. Kg3 Ne4+ 60. Kxh2 Kg5 61. Ng3 Nxg3 62. Kxg3 Kf5 63. Kg2 Ke4 64. Kg3 Kd4 65. Kxg4 Kc4 66. Kf3 Kb3 67. Ke3 Kxa4 68. Kd3 Kb3 69. Kd2 Kb2 0-1

[Event "Tambov Korensky Memorial 20th"]
[Site "Tambov"]
[Date "2011.08.27"]
[Round "8"]
[White "Uimenov, Vladimir"]
[Black "Ochneva, Inga"]
[Result "1-0"]
[WhiteElo "2003"]
[BlackElo "1810"]
[PlyCount "57"]
[EventDate "2011.08.20"]
[EventType "swiss"]
[EventRounds "9"]
[EventCountry "RUS"]
[SourceTitle "CBM 144 Extra"]
[Source "ChessBase"]
[SourceDate "2011.10.28"]
[SourceVersion "1"]
[SourceVersionDate "2011.10.28"]
[SourceQuality "1"]

1. e4 c5 2. d4 cxd4 3. Nf3 e6 4. Nxd4 a6 5. Nc3 Qc7 6. a4 Bb4 7. Bd2 Nf6 8. Bd3 Nc6 9. Nf3 0-0 10. Qe2 Bd6 11. h3 Ne5 12. 0-0 Rd8 13. a5 Nc6 14. Ra4 Bb4 15. e5 Ne8 16. Bxh7+ Kxh7 17. Ng5+ Kg8 18. Rxb4 Nxb4 19. Qh5 d6 20. Qh7+ Kf8 21. Qh8+ Ke7 22. Qg8 dxe5 23. Qxf7+ Kd6 24. Qf3 Nf6 25. Nce4+ Kd7 26. Bxb4 Qc6 27. Nxf6+ gxf6 28. Qxf6 Qd5 29. Nxe6 1-0

[Event "Tambov Korensky Memorial 18th"]
[Site "Tambov"]
[Date "2009.08.29"]
[Round "8"]
[White "Uimenov, Vladimir"]
[Black "Mishin, Victor"]
[Result "0-1"]
[WhiteElo "2062"]
[BlackElo "1892"]
[PlyCount "62"]
[EventDate "2009.08.22"]
[EventType "swiss"]
[EventRounds "9"]
[EventCountry "RUS"]
[SourceTitle "CBM 132 Extra"]
[Source "ChessBase"]
[SourceDate "2009.11.03"]
[SourceVersion "1"]
[SourceVersionDate "2009.11.03"]
[SourceQuality "1"]

1. e4 e5 2. Nf3 Nc6 3. Bb5 a6 4. Ba4 Nf6 5. 0-0 b5 6. Bb3 Bc5 7. Nxe5 Nxe5 8. d4 Bxd4 9. Qxd4 d6 10. Bg5 c5 11. Bxf6 Qxf6 12. Qd5 Rb8 13. c3 Bb7 14. Qd1 Bxe4 15. Nd2 Bc6 16. Qe2 0-0 17. Ne4 Qg6 18. Bc2 f5 19. Ng3 Rbe8 20. Qd1 Nc4 21. Rb1 Qg5 22. b3 Na3 23. f4 Qg6 24. Rb2 Nxc2 25. Rxc2 Re3 26. Re2 Rfe8 27. Rxe3 Rxe3 28. Qd2 Qe6 29. Rd1 c4 30. Qxd6 Re1+ 31. Kf2 Qe3# 0-1

[Event "Tambov Korensky Memorial 18th"]
[Site "Tambov"]
[Date "2009.08.23"]
[Round "2"]
[White "Korensky, Sergey"]
[Black "Uimenov, Vladimir"]
[Result "1-0"]
[WhiteElo "2225"]
[BlackElo "2062"]
[PlyCount "65"]
[EventDate "2009.08.22"]
[EventType "swiss"]
[EventRounds "9"]
[EventCountry "RUS"]
[SourceTitle "CBM 132 Extra"]
[Source "ChessBase"]
[SourceDate "2009.11.03"]
[SourceVersion "1"]
[SourceVersionDate "2009.11.03"]
[SourceQuality "1"]

1. e4 e6 2. d4 d5 3. Nd2 Nf6 4. e5 Nfd7 5. f4 c5 6. c3 Be7 7. Ndf3 f6 8. Bd3 Nc6 9. Ne2 cxd4 10. cxd4 0-0 11. 0-0 f5 12. h3 Nb4 13. Bb1 b5 14. g4 Nb6 15. gxf5 exf5 16. Kh2 h6 17. Rg1 Be6 18. Qf1 Qe8 19. Nc3 a6 20. b3 Nc6 21. Bd2 Rc8 22. a4 Na5 23. axb5 Nxb3 24. Rxa6 Nxd2 25. Nxd2 Rxc3 26. Rxb6 Bd8 27. Qg2 Rf7 28. Rd6 Bc7 29. Rxd5 Re7 30. b6 Qc6 31. Rc5 Rxc5 32. dxc5 Bd5 33. Ba2 1-0